Osnovy teorii deneg socialističeskogo obščestva

Na minha lista:
Detalhes bibliográficos
Autor principal: Andres, Enrike
Formato: Livro
Idioma:russo
Publicado em: Moskva Mysl' 1975
Tags: Adicionar Tag
Sem tags, seja o primeiro a adicionar uma tag!

MARC

LEADER 00000nam a2200000 4500
001 c120539
005 20041019155217.3
041 0 |a rus 
044 |a RU 
245 1 0 |a Osnovy teorii deneg socialističeskogo obščestva  |c Enrike Andres 
264 1 |a Moskva  |b Mysl'  |c 1975 
300 |a 286 s. 
100 1 |a Andres, Enrike